Welcome to CU Library Online Public Access Catalogue (OPAC)

SQL Server 2000 : (Record no. 1173)

MARC details
000 -LEADER
fixed length control field 00939cam a2200241 a 4500
001 - CONTROL NUMBER
control field 12383728
005 - DATE AND TIME OF LATEST TRANSACTION
control field 20241114102745.0
008 - FIXED-LENGTH DATA ELEMENTS--GENERAL INFORMATION
fixed length control field 010418s2001 caua 001 0 eng d
020 ## - INTERNATIONAL STANDARD BOOK NUMBER
International Standard Book Number 0072125888
050 00 - LIBRARY OF CONGRESS CALL NUMBER
Classification number QA76.9.C55
Item number S533 2001
082 00 - DEWEY DECIMAL CLASSIFICATION NUMBER
Classification number 005.75/85
Edition information 21
100 1# - MAIN ENTRY--PERSONAL NAME
Personal name Shapiro, Jeffrey R.
245 10 - TITLE STATEMENT
Title SQL Server 2000 :
Remainder of title the complete reference /
Statement of responsibility, etc. Jeffrey R. Shapiro.
260 ## - PUBLICATION, DISTRIBUTION, ETC.
Place of publication, distribution, etc. Berkeley, Calif. :
Name of publisher, distributor, etc. Osborne/McGraw Hill,
Date of publication, distribution, etc. c2001.
300 ## - PHYSICAL DESCRIPTION
Extent xxviii, 931 p. :
Other physical details ill. ;
Dimensions 24 cm.
440 #0 - SERIES STATEMENT/ADDED ENTRY--TITLE
Title Database professional's library
500 ## - GENERAL NOTE
General note Includes index.
650 #0 - SUBJECT ADDED ENTRY--TOPICAL TERM
Topical term or geographic name entry element Client/server computing.
856 42 - ELECTRONIC LOCATION AND ACCESS
Materials specified Publisher description
Uniform Resource Identifier <a href="http://www.loc.gov/catdir/description/mh024/2001269060.html">http://www.loc.gov/catdir/description/mh024/2001269060.html</a>
856 41 - ELECTRONIC LOCATION AND ACCESS
Materials specified Table of contents only
Uniform Resource Identifier <a href="http://www.loc.gov/catdir/toc/mh023/2001269060.html">http://www.loc.gov/catdir/toc/mh023/2001269060.html</a>
856 42 - ELECTRONIC LOCATION AND ACCESS
Materials specified Contributor biographical information
Uniform Resource Identifier <a href="http://www.loc.gov/catdir/enhancements/fy0611/2001269060-b.html">http://www.loc.gov/catdir/enhancements/fy0611/2001269060-b.html</a>
942 ## - ADDED ENTRY ELEMENTS (KOHA)
Source of classification or shelving scheme Library of Congress Classification
Koha item type Books
Suppress in OPAC No
999 ## -
-- 1173
-- 1173
Holdings
Withdrawn status Lost status Source of classification or shelving scheme Damaged status Not for loan Collection Home library Current library Shelving location Date acquired Total checkouts Full call number Barcode Date last seen Copy number Price effective from Koha item type
    Library of Congress Classification     Non-fiction Undergraduate Library (Christ Temple) Undergraduate Library (Christ Temple) General stacks 11/14/2024   QA76.9C55 SHA ulct00000300 11/14/2024 1 11/14/2024 Books
© 2023-2024 Copyright: Central University Libraries. All Rights Reserved | Created by: Mahone Tech Office